[Event "British Rapidplay Championship 2023"]
[Site "Mercure Bradford, Bankfield Hotel"]
[Date "2023.04.15"]
[Round "1.9"]
[White "Mazek, Marek"]
[Black "McLean, Rory R"]
[Result "1-0"]
[TimeControl "All moves in 15 minutes plus 10 second increment per move from move 1"]
[WhiteElo "2052"]
[BlackElo "1626"]

1. d4 {[%clk 00:15:17]} {[%emt 00:00:03]} d5 {[%clk 00:15:17]} {[%emt
00:00:03]} 2. c4 {[%clk 00:15:25]} {[%emt 00:00:01]} e6 {[%clk 00:15:25]}
{[%emt 00:00:02]} 3. Nc3 {[%clk 00:15:34]} {[%emt 00:00:02]} Nf6 {[%clk
00:15:13]} {[%emt 00:00:22]} 4. cxd5 {[%clk 00:15:42]} {[%emt 00:00:02]} exd5
{[%clk 00:15:11]} {[%emt 00:00:12]} 5. Bg5 {[%clk 00:15:50]} {[%emt 00:00:01]}
Be7 {[%clk 00:15:07]} {[%emt 00:00:15]} 6. Qc2 {[%clk 00:15:58]} {[%emt
00:00:01]} c6 {[%clk 00:15:07]} {[%emt 00:00:11]} 7. e3 {[%clk 00:16:05]}
{[%emt 00:00:02]} O-O {[%clk 00:15:06]} {[%emt 00:00:11]} 8. Bd3 {[%clk
00:16:13]} {[%emt 00:00:02]} h6 {[%clk 00:14:52]} {[%emt 00:00:25]} 9. Bh4
{[%clk 00:16:20]} {[%emt 00:00:03]} Nbd7 {[%clk 00:14:42]} {[%emt 00:00:19]} 10.
Nf3 {[%clk 00:16:25]} {[%emt 00:00:05]} Re8 {[%clk 00:14:41]} {[%emt 00:00:11]}
11. O-O-O {[%clk 00:16:10]} {[%emt 00:00:26]} Ne4 {[%clk 00:12:58]} {[%emt
00:01:53]} 12. Bxe7 {[%clk 00:15:50]} {[%emt 00:00:30]} Qxe7 {[%clk 00:12:57]}
{[%emt 00:00:11]} 13. Bxe4 {[%clk 00:15:45]} {[%emt 00:00:15]} dxe4 {[%clk
00:12:53]} {[%emt 00:00:13]} 14. Nd2 {[%clk 00:15:53]} {[%emt 00:00:02]} Nf6
{[%clk 00:12:34]} {[%emt 00:00:29]} 15. Kb1 {[%clk 00:15:57]} {[%emt 00:00:06]}
Be6 {[%clk 00:11:38]} {[%emt 00:01:07]} 16. Ka1 {[%clk 00:15:55]} {[%emt
00:00:12]} Bd5 {[%clk 00:11:31]} {[%emt 00:00:16]} 17. h3 {[%clk 00:15:47]}
{[%emt 00:00:18]} a5 {[%clk 00:11:14]} {[%emt 00:00:27]} 18. g4 {[%clk
00:15:34]} {[%emt 00:00:24]} b5 {[%clk 00:10:31]} {[%emt 00:00:53]} 19. Rdg1
{[%clk 00:15:29]} {[%emt 00:00:14]} Nd7 {[%clk 00:09:17]} {[%emt 00:01:25]} 20.
h4 {[%clk 00:15:25]} {[%emt 00:00:14]} g6 {[%clk 00:09:00]} {[%emt 00:00:27]}
21. Nxd5 {[%clk 00:14:38]} {[%emt 00:00:57]} cxd5 {[%clk 00:08:53]} {[%emt
00:00:16]} 22. h5 {[%clk 00:13:22]} {[%emt 00:01:27]} g5 {[%clk 00:08:41]}
{[%emt 00:00:22]} 23. Qc6 {[%clk 00:13:10]} {[%emt 00:00:20]} Rec8 {[%clk
00:07:07]} {[%emt 00:01:45]} 24. Qxd5 {[%clk 00:12:45]} {[%emt 00:00:36]} Nf6
{[%clk 00:05:36]} {[%emt 00:01:41]} 25. Qe5 {[%clk 00:12:37]} {[%emt 00:00:17]}
Qb4 {[%clk 00:05:18]} {[%emt 00:00:29]} 26. Qxf6 {[%clk 00:12:26]} {[%emt
00:00:21]} Qxd2 {[%clk 00:05:18]} {[%emt 00:00:10]} 27. Qxh6 {[%clk 00:12:30]}
{[%emt 00:00:05]} Rc2 {[%clk 00:05:07]} {[%emt 00:00:21]} 28. Qxg5+ {[%clk
00:12:38]} {[%emt 00:00:03]} Kf8 {[%clk 00:05:15]} {[%emt 00:00:01]} 29. Rb1
{[%clk 00:12:33]} {[%emt 00:00:15]} a4 {[%clk 00:04:22]} {[%emt 00:01:04]} 30.
Qxb5 {[%clk 00:12:11]} {[%emt 00:00:32]} a3 {[%clk 00:04:19]} {[%emt 00:00:13]}
31. Qb3 {[%clk 00:11:37]} {[%emt 00:00:44]} Qxf2 {[%clk 00:02:26]} {[%emt
00:02:03]} 32. h6 {[%clk 00:11:29]} {[%emt 00:00:18]} Qg2 {[%clk 00:02:17]}
{[%emt 00:00:18]} 33. bxa3 {[%clk 00:10:56]} {[%emt 00:00:43]} Rac8 {[%clk
00:01:35]} {[%emt 00:00:53]} 34. h7 {[%clk 00:10:57]} {[%emt 00:00:09]} Kg7
{[%clk 00:01:40]} {[%emt 00:00:04]} 35. h8=Q+ {[%clk 00:10:44]} {[%emt
00:00:24]} Rxh8 {[%clk 00:01:49]} 36. Rxh8 {[%clk 00:10:52]} {[%emt 00:00:02]}
Kxh8 {[%clk 00:01:59]} {[%emt 00:00:01]} 37. Qxf7 {[%clk 00:10:55]} {[%emt
00:00:07]} Qg3 {[%clk 00:01:37]} {[%emt 00:00:32]} 38. Qe8+ {[%clk 00:10:28]}
{[%emt 00:00:37]} Kh7 {[%clk 00:01:39]} {[%emt 00:00:08]} 39. Qxe4+ {[%clk
00:10:35]} {[%emt 00:00:03]} Kg7 {[%clk 00:01:45]} {[%emt 00:00:04]} 40. Qxc2
{[%clk 00:10:43]} {[%emt 00:00:02]} 1-0

[Event "British Rapidplay Championship 2023"]
[Site "Mercure Bradford, Bankfield Hotel"]
[Date "2023.04.15"]
[Round "1.10"]
[White "Wood, Jack"]
[Black "Larchikov, Maksym"]
[Result "0-1"]
[TimeControl "All moves in 15 minutes plus 10 second increment per move from move 1"]
[WhiteElo "1626"]
[BlackElo "2045"]

1. e4 {[%clk 00:15:17]} {[%emt 00:00:03]} c5 {[%clk 00:15:12]} {[%emt
00:00:08]} 2. Nc3 {[%clk 00:15:20]} {[%emt 00:00:08]} d6 {[%clk 00:15:09]}
{[%emt 00:00:12]} 3. Nf3 {[%clk 00:15:09]} {[%emt 00:00:22]} Nf6 {[%clk
00:14:58]} {[%emt 00:00:20]} 4. d4 {[%clk 00:15:11]} {[%emt 00:00:09]} cxd4
{[%clk 00:15:02]} {[%emt 00:00:06]} 5. Nxd4 {[%clk 00:15:16]} {[%emt 00:00:05]}
a6 {[%clk 00:15:04]} {[%emt 00:00:07]} 6. Be3 {[%clk 00:15:15]} {[%emt
00:00:11]} e5 {[%clk 00:15:07]} {[%emt 00:00:08]} 7. Nb3 {[%clk 00:15:10]}
{[%emt 00:00:15]} Be6 {[%clk 00:14:52]} {[%emt 00:00:25]} 8. h3 {[%clk
00:14:46]} {[%emt 00:00:33]} Nbd7 {[%clk 00:14:30]} {[%emt 00:00:32]} 9. Qd2
{[%clk 00:14:33]} {[%emt 00:00:23]} b5 {[%clk 00:14:00]} {[%emt 00:00:40]} 10.
O-O-O {[%clk 00:14:04]} {[%emt 00:00:39]} Be7 {[%clk 00:12:19]} {[%emt
00:01:51]} 11. f3 {[%clk 00:13:59]} {[%emt 00:00:15]} Nb6 {[%clk 00:10:43]}
{[%emt 00:01:46]} 12. a3 {[%clk 00:13:01]} {[%emt 00:01:08]} Rc8 {[%clk
00:10:06]} {[%emt 00:00:47]} 13. Kb1 {[%clk 00:13:07]} {[%emt 00:00:04]} Bc4
{[%clk 00:09:29]} {[%emt 00:00:47]} 14. g4 {[%clk 00:12:53]} {[%emt 00:00:25]}
Bxf1 {[%clk 00:09:00]} {[%emt 00:00:39]} 15. Rdxf1 {[%clk 00:12:40]} {[%emt
00:00:23]} Nc4 {[%clk 00:08:58]} {[%emt 00:00:11]} 16. Qc1 {[%clk 00:12:36]}
{[%emt 00:00:15]} Nxa3+ {[%clk 00:08:40]} {[%emt 00:00:28]} 17. bxa3 {[%clk
00:12:29]} {[%emt 00:00:17]} Rxc3 {[%clk 00:08:47]} {[%emt 00:00:03]} 18. Kb2
{[%clk 00:11:42]} {[%emt 00:00:57]} Qc8 {[%clk 00:07:33]} {[%emt 00:01:24]} 19.
Bd2 {[%clk 00:11:21]} {[%emt 00:00:32]} Rc7 {[%clk 00:07:25]} {[%emt 00:00:14]}
20. h4 {[%clk 00:11:14]} {[%emt 00:00:19]} Nd7 {[%clk 00:07:02]} {[%emt
00:00:33]} 21. Rf2 {[%clk 00:10:19]} {[%emt 00:01:06]} Nb6 {[%clk 00:06:57]}
{[%emt 00:00:15]} 22. Bg5 {[%clk 00:09:26]} {[%emt 00:01:03]} Bxg5 {[%clk
00:05:39]} {[%emt 00:01:28]} 23. Qxg5 {[%clk 00:09:32]} {[%emt 00:00:03]} Na4+
{[%clk 00:05:15]} {[%emt 00:00:35]} 24. Kb1 {[%clk 00:09:28]} {[%emt 00:00:14]}
Kf8 {[%clk 00:04:51]} {[%emt 00:00:33]} 25. h5 {[%clk 00:08:36]} {[%emt
00:01:03]} h6 {[%clk 00:04:30]} {[%emt 00:00:30]} 26. Qd2 {[%clk 00:08:26]}
{[%emt 00:00:20]} Ke7 {[%clk 00:04:25]} {[%emt 00:00:16]} 27. f4 {[%clk
00:08:06]} {[%emt 00:00:30]} f6 {[%clk 00:04:22]} {[%emt 00:00:13]} 28. g5
{[%clk 00:07:37]} {[%emt 00:00:40]} Nc3+ {[%clk 00:04:01]} {[%emt 00:00:31]} 29.
Kb2 {[%clk 00:07:17]} {[%emt 00:00:29]} Nxe4 {[%clk 00:03:54]} {[%emt
00:00:16]} 30. gxf6+ {[%clk 00:07:19]} {[%emt 00:00:08]} gxf6 {[%clk 00:03:59]}
{[%emt 00:00:06]} 31. Qe2 {[%clk 00:06:41]} {[%emt 00:00:48]} Nxf2 {[%clk
00:03:52]} {[%emt 00:00:17]} 32. Qxf2 {[%clk 00:06:48]} {[%emt 00:00:02]} Rg8
{[%clk 00:03:52]} {[%emt 00:00:11]} 33. fxe5 {[%clk 00:06:52]} {[%emt
00:00:06]} dxe5 {[%clk 00:03:58]} {[%emt 00:00:03]} 34. Rf1 {[%clk 00:06:57]}
{[%emt 00:00:05]} Rc6 {[%clk 00:03:45]} {[%emt 00:00:24]} 35. Nc5 {[%clk
00:05:15]} {[%emt 00:01:53]} Rg4 {[%clk 00:02:05]} {[%emt 00:01:48]} 36. Nd3
{[%clk 00:04:24]} {[%emt 00:01:02]} Qe6 {[%clk 00:01:38]} {[%emt 00:00:37]} 37.
Qa7+ {[%clk 00:03:40]} {[%emt 00:00:54]} Qd7 {[%clk 00:01:46]} {[%emt
00:00:01]} 38. Qf2 {[%clk 00:03:47]} {[%emt 00:00:03]} Qd4+ {[%clk 00:01:43]}
{[%emt 00:00:14]} 39. Qxd4 {[%clk 00:03:53]} {[%emt 00:00:04]} Rxd4 {[%clk
00:01:46]} {[%emt 00:00:06]} 40. Nb4 {[%clk 00:03:56]} {[%emt 00:00:08]} Rcd6
{[%clk 00:01:54]} {[%emt 00:00:02]} 41. Nd3 {[%clk 00:03:56]} {[%emt 00:00:10]}
Rh4 {[%clk 00:02:01]} {[%emt 00:00:03]} 42. Re1 {[%clk 00:03:36]} {[%emt
00:00:30]} Rxh5 {[%clk 00:02:02]} {[%emt 00:00:08]} 43. Nf4 {[%clk 00:03:41]}
{[%emt 00:00:06]} Rf5 {[%clk 00:02:09]} {[%emt 00:00:03]} 44. Ng6+ {[%clk
00:03:46]} {[%emt 00:00:05]} Kf7 {[%clk 00:02:16]} {[%emt 00:00:02]} 45. Nh4
{[%clk 00:03:54]} {[%emt 00:00:03]} Rf2 {[%clk 00:02:19]} {[%emt 00:00:07]} 0-1

[Event "British Rapidplay Championship 2023"]
[Site "Mercure Bradford, Bankfield Hotel"]
[Date "2023.04.15"]
[Round "1.11"]
[White "Kisteneva, Liza"]
[Black "Kairat, Alexander"]
[Result "1-0"]
[TimeControl "All moves in 15 minutes plus 10 second increment per move from move 1"]
[WhiteElo "2040"]
[BlackElo "1618"]

1. c4 {[%clk 00:15:17]} {[%emt 00:00:02]} Nf6 {[%clk 00:15:18]} {[%emt
00:00:01]} 2. Nc3 {[%clk 00:15:24]} {[%emt 00:00:04]} e6 {[%clk 00:15:26]}
{[%emt 00:00:02]} 3. g3 {[%clk 00:15:30]} {[%emt 00:00:04]} Be7 {[%clk
00:15:33]} {[%emt 00:00:03]} 4. Bg2 {[%clk 00:15:37]} {[%emt 00:00:02]} d5
{[%clk 00:15:41]} {[%emt 00:00:03]} 5. d4 {[%clk 00:14:54]} {[%emt 00:00:54]}
c6 {[%clk 00:15:31]} {[%emt 00:00:19]} 6. Qd3 {[%clk 00:14:04]} {[%emt
00:01:00]} Nbd7 {[%clk 00:15:10]} {[%emt 00:00:31]} 7. Nf3 {[%clk 00:13:11]}
{[%emt 00:01:04]} b6 {[%clk 00:15:04]} {[%emt 00:00:15]} 8. O-O {[%clk
00:12:55]} {[%emt 00:00:26]} O-O {[%clk 00:15:08]} {[%emt 00:00:06]} 9. Nd2
{[%clk 00:11:37]} {[%emt 00:01:28]} Bb7 {[%clk 00:15:09]} {[%emt 00:00:09]} 10.
b3 {[%clk 00:11:39]} {[%emt 00:00:08]} c5 {[%clk 00:15:11]} {[%emt 00:00:09]}
11. cxd5 {[%clk 00:11:43]} {[%emt 00:00:05]} Nxd5 {[%clk 00:14:59]} {[%emt
00:00:22]} 12. Nxd5 {[%clk 00:11:45]} {[%emt 00:00:08]} Bxd5 {[%clk 00:15:00]}
{[%emt 00:00:09]} 13. Bxd5 {[%clk 00:09:38]} {[%emt 00:02:18]} exd5 {[%clk
00:15:07]} {[%emt 00:00:02]} 14. dxc5 {[%clk 00:09:38]} {[%emt 00:00:10]} Nxc5
{[%clk 00:15:14]} {[%emt 00:00:03]} 15. Qf3 {[%clk 00:09:47]} {[%emt 00:00:01]}
Bf6 {[%clk 00:15:14]} {[%emt 00:00:11]} 16. Rb1 {[%clk 00:09:56]} Re8 {[%clk
00:15:09]} {[%emt 00:00:14]} 17. Bb2 {[%clk 00:09:46]} {[%emt 00:00:20]} Bxb2
{[%clk 00:14:49]} {[%emt 00:00:30]} 18. Rxb2 {[%clk 00:09:55]} {[%emt
00:00:01]} Rc8 {[%clk 00:13:34]} {[%emt 00:01:26]} 19. Rd1 {[%clk 00:10:02]}
{[%emt 00:00:03]} Qg5 {[%clk 00:12:40]} {[%emt 00:01:04]} 20. Nf1 {[%clk
00:09:21]} {[%emt 00:00:51]} Rcd8 {[%clk 00:12:13]} {[%emt 00:00:36]} 21. Rbd2
{[%clk 00:08:48]} {[%emt 00:00:42]} Ne4 {[%clk 00:11:20]} {[%emt 00:01:04]} 22.
Rd4 {[%clk 00:08:57]} {[%emt 00:00:01]} Rd7 {[%clk 00:07:04]} {[%emt 00:04:27]}
23. Qd3 {[%clk 00:05:06]} {[%emt 00:04:01]} Red8 {[%clk 00:06:05]} {[%emt
00:01:09]} 24. Ne3 {[%clk 00:04:36]} {[%emt 00:00:40]} Nc5 {[%clk 00:04:56]}
{[%emt 00:01:18]} 25. Qb5 {[%clk 00:04:37]} {[%emt 00:00:09]} h6 {[%clk
00:04:09]} {[%emt 00:00:57]} 26. b4 {[%clk 00:04:01]} {[%emt 00:00:47]} Ne4
{[%clk 00:04:10]} {[%emt 00:00:09]} 27. Rxd5 {[%clk 00:03:10]} {[%emt
00:00:59]} Rxd5 {[%clk 00:03:14]} {[%emt 00:01:07]} 28. Rxd5 {[%clk 00:03:19]}
{[%emt 00:00:02]} Rxd5 {[%clk 00:03:07]} {[%emt 00:00:17]} 29. Qe8+ {[%clk
00:03:22]} {[%emt 00:00:06]} Kh7 {[%clk 00:03:01]} {[%emt 00:00:15]} 30. Qxe4+
{[%clk 00:03:30]} {[%emt 00:00:02]} g6 {[%clk 00:03:06]} {[%emt 00:00:06]} 31.
Qxd5 {[%clk 00:03:35]} {[%emt 00:00:05]} Qf6 {[%clk 00:03:15]} {[%emt
00:00:02]} 32. b5 {[%clk 00:03:33]} {[%emt 00:00:11]} h5 {[%clk 00:03:14]}
{[%emt 00:00:11]} 33. Nc4 {[%clk 00:03:35]} {[%emt 00:00:08]} Kh6 {[%clk
00:02:40]} {[%emt 00:00:45]} 34. Ne5 {[%clk 00:03:36]} {[%emt 00:00:08]} Kg7
{[%clk 00:02:26]} {[%emt 00:00:24]} 35. Nc6 {[%clk 00:03:44]} {[%emt 00:00:02]}
Qa1+ {[%clk 00:02:18]} {[%emt 00:00:18]} 36. Kg2 {[%clk 00:03:53]} Kf8 {[%clk
00:02:21]} {[%emt 00:00:08]} 37. Nxa7 {[%clk 00:03:51]} {[%emt 00:00:12]} Qb2
{[%clk 00:02:23]} {[%emt 00:00:08]} 38. Nc6 {[%clk 00:03:54]} {[%emt 00:00:06]}
Qxe2 {[%clk 00:02:23]} {[%emt 00:00:10]} 39. Ne5 {[%clk 00:03:58]} {[%emt
00:00:06]} Ke7 {[%clk 00:01:49]} {[%emt 00:00:45]} 40. Qxf7+ {[%clk 00:03:32]}
{[%emt 00:00:35]} Kd6 {[%clk 00:01:50]} {[%emt 00:00:09]} 41. Qf6+ {[%clk
00:03:40]} {[%emt 00:00:02]} Kc5 {[%emt 00:00:20]} 42. Qc6+ {[%clk 00:03:34]}
Kb4 {[%clk 00:01:53]} {[%emt 00:00:12]} 43. Nxg6 {[%clk 00:03:38]} {[%emt
00:00:07]} Qxa2 {[%clk 00:01:46]} {[%emt 00:00:16]} 44. Nf4 {[%clk 00:03:42]}
{[%emt 00:00:08]} h4 {[%clk 00:00:33]} {[%emt 00:01:22]} 45. Nd5+ {[%clk
00:03:49]} {[%emt 00:00:02]} Ka3 {[%clk 00:00:23]} {[%emt 00:00:21]} 46. Qa8+
{[%clk 00:03:46]} {[%emt 00:00:14]} Kb3 {[%clk 00:00:29]} {[%emt 00:00:04]} 47.
Qxa2+ {[%clk 00:03:54]} {[%emt 00:00:02]} Kxa2 {[%clk 00:00:37]} {[%emt
00:00:01]} 48. Nxb6 {[%clk 00:04:02]} {[%emt 00:00:02]} Kb3 {[%clk 00:00:45]}
{[%emt 00:00:02]} 49. Nd5 {[%clk 00:04:10]} {[%emt 00:00:02]} Kc4 {[%clk
00:00:54]} {[%emt 00:00:02]} 50. b6 {[%clk 00:04:19]} Kxd5 {[%clk 00:00:57]}
{[%emt 00:00:06]} 51. b7 {[%clk 00:04:27]} {[%emt 00:00:02]} Ke6 {[%clk
00:01:06]} {[%emt 00:00:01]} 52. b8=Q {[%emt 00:00:03]} Kf6 {[%clk 00:01:14]}
{[%emt 00:00:01]} 53. Qf4+ {[%clk 00:04:42]} {[%emt 00:00:03]} Kg6 {[%clk
00:01:24]} {[%emt 00:00:01]} 54. gxh4 {[%clk 00:04:48]} {[%emt 00:00:03]} Kh7
{[%clk 00:01:30]} {[%emt 00:00:04]} 55. Qg5 {[%clk 00:04:56]} {[%emt 00:00:02]}
Kh8 {[%clk 00:01:39]} {[%emt 00:00:01]} 56. h5 {[%clk 00:05:03]} {[%emt
00:00:04]} Kh7 {[%clk 00:01:48]} {[%emt 00:00:01]} 57. h6 {[%clk 00:05:12]} 1-0

[Event "British Rapidplay Championship 2023"]
[Site "Mercure Bradford, Bankfield Hotel"]
[Date "2023.04.15"]
[Round "1.12"]
[White "Cheng, Louis"]
[Black "Mikalajunas, Kajus"]
[Result "1-0"]
[TimeControl "All moves in 15 minutes plus 10 second increment per move from move 1"]
[WhiteElo "1617"]
[BlackElo "2027"]

1. e4 {[%clk 00:15:16]} {[%emt 00:00:03]} d5 {[%clk 00:15:18]} {[%emt
00:00:03]} 2. exd5 {[%clk 00:15:22]} {[%emt 00:00:04]} Nf6 {[%clk 00:15:23]}
{[%emt 00:00:04]} 3. Nf3 {[%clk 00:15:23]} {[%emt 00:00:09]} Qxd5 {[%clk
00:15:30]} {[%emt 00:00:03]} 4. d4 {[%clk 00:15:21]} {[%emt 00:00:12]} Bg4
{[%clk 00:15:35]} {[%emt 00:00:05]} 5. Be2 {[%clk 00:15:18]} {[%emt 00:00:13]}
Nc6 {[%clk 00:15:42]} {[%emt 00:00:04]} 6. O-O {[%clk 00:15:22]} {[%emt
00:00:06]} O-O-O {[%clk 00:15:46]} {[%emt 00:00:05]} 7. Be3 {[%clk 00:15:22]}
{[%emt 00:00:08]} e5 {[%clk 00:13:58]} {[%emt 00:02:00]} 8. c4 {[%clk
00:14:27]} {[%emt 00:01:05]} Qa5 {[%clk 00:14:05]} {[%emt 00:00:04]} 9. d5
{[%clk 00:12:27]} {[%emt 00:02:10]} e4 {[%clk 00:13:51]} {[%emt 00:00:24]} 10.
Nd4 {[%clk 00:12:21]} {[%emt 00:00:16]} Ne5 {[%clk 00:13:24]} {[%emt 00:00:37]}
11. Nc3 {[%clk 00:10:47]} {[%emt 00:01:44]} Bb4 {[%clk 00:12:29]} {[%emt
00:01:05]} 12. Bxg4+ {[%clk 00:10:46]} {[%emt 00:00:11]} Nexg4 {[%clk
00:12:32]} {[%emt 00:00:07]} 13. Nxe4 {[%clk 00:10:42]} {[%emt 00:00:14]} Nxe3
{[%clk 00:12:17]} {[%emt 00:00:25]} 14. fxe3 {[%clk 00:10:47]} {[%emt
00:00:04]} Nxe4 {[%clk 00:12:20]} {[%emt 00:00:07]} 15. Qg4+ {[%clk 00:10:55]}
{[%emt 00:00:03]} Kb8 {[%clk 00:12:16]} {[%emt 00:00:14]} 16. Qxe4 {[%clk
00:11:01]} {[%emt 00:00:03]} Rhe8 {[%clk 00:12:02]} {[%emt 00:00:25]} 17. Qf3
{[%clk 00:10:52]} {[%emt 00:00:19]} Bd2 {[%clk 00:11:36]} {[%emt 00:00:35]} 18.
Nb3 {[%clk 00:10:36]} {[%emt 00:00:27]} Qb4 {[%clk 00:11:11]} {[%emt 00:00:35]}
19. Nxd2 {[%clk 00:10:07]} {[%emt 00:00:38]} Qxd2 {[%clk 00:11:17]} {[%emt
00:00:05]} 20. Qf2 {[%clk 00:10:10]} {[%emt 00:00:07]} Qd3 {[%clk 00:10:22]}
{[%emt 00:01:04]} 21. Rac1 {[%clk 00:09:52]} {[%emt 00:00:29]} Rxe3 {[%clk
00:10:13]} {[%emt 00:00:18]} 22. Rc3 {[%clk 00:09:56]} {[%emt 00:00:06]} Qxc3
{[%clk 00:09:41]} {[%emt 00:00:42]} 23. bxc3 {[%clk 00:10:04]} {[%emt
00:00:02]} Rxc3 {[%clk 00:09:49]} {[%emt 00:00:02]} 24. Qxf7 {[%clk 00:10:07]}
{[%emt 00:00:07]} Rxc4 {[%clk 00:09:24]} {[%emt 00:00:36]} 25. d6 {[%clk
00:10:08]} {[%emt 00:00:09]} Rc6 {[%clk 00:09:22]} {[%emt 00:00:11]} 26. dxc7+
{[%clk 00:09:35]} {[%emt 00:00:44]} Rxc7 {[%clk 00:09:30]} {[%emt 00:00:02]} 27.
Qf4 {[%clk 00:09:43]} {[%emt 00:00:01]} Rdc8 {[%clk 00:08:52]} {[%emt
00:00:49]} 28. Rc1 {[%clk 00:09:47]} {[%emt 00:00:05]} b6 {[%clk 00:09:00]}
{[%emt 00:00:02]} 29. h4 {[%clk 00:09:11]} {[%emt 00:00:46]} Kb7 {[%clk
00:09:09]} {[%emt 00:00:02]} 30. Rxc7+ {[%clk 00:09:20]} {[%emt 00:00:02]} Rxc7
{[%clk 00:09:17]} {[%emt 00:00:01]} 31. Qe4+ {[%clk 00:09:28]} {[%emt
00:00:01]} Kb8 {[%clk 00:07:58]} {[%emt 00:01:29]} 32. Qxh7 {[%clk 00:09:35]}
{[%emt 00:00:03]} a5 {[%clk 00:07:38]} {[%emt 00:00:30]} 33. h5 {[%clk
00:09:28]} {[%emt 00:00:17]} Rb7 {[%clk 00:07:33]} {[%emt 00:00:14]} 34. g4
{[%clk 00:09:06]} {[%emt 00:00:33]} b5 {[%clk 00:07:22]} {[%emt 00:00:21]} 35.
g5 {[%clk 00:09:11]} {[%emt 00:00:05]} a4 {[%clk 00:06:07]} {[%emt 00:01:27]}
36. h6 {[%clk 00:08:49]} {[%emt 00:00:31]} gxh6 {[%clk 00:05:00]} {[%emt
00:01:16]} 37. Qxb7+ {[%clk 00:07:16]} {[%emt 00:01:44]} Kxb7 {[%clk 00:05:08]}
{[%emt 00:00:02]} 38. gxh6 {[%clk 00:07:24]} {[%emt 00:00:02]} b4 {[%clk
00:03:52]} {[%emt 00:01:26]} 39. h7 {[%clk 00:07:31]} {[%emt 00:00:03]} Kb6
{[%clk 00:03:38]} {[%emt 00:00:23]} 40. h8=Q {[%clk 00:07:36]} {[%emt
00:00:06]} Kb5 {[%clk 00:03:40]} {[%emt 00:00:08]} 41. Qb2 {[%clk 00:07:42]}
{[%emt 00:00:04]} Kc4 {[%clk 00:02:58]} {[%emt 00:00:52]} 42. Kf2 {[%clk
00:07:50]} {[%emt 00:00:02]} Kc5 {[%clk 00:02:24]} {[%emt 00:00:43]} 43. Ke3
{[%clk 00:07:51]} {[%emt 00:00:09]} Kc4 {[%clk 00:02:28]} {[%emt 00:00:07]} 44.
Qc2+ {[%clk 00:07:57]} {[%emt 00:00:04]} Kb5 {[%clk 00:02:36]} {[%emt
00:00:02]} 45. Kd4 {[%clk 00:08:05]} {[%emt 00:00:01]} a3 {[%clk 00:02:28]}
{[%emt 00:00:19]} 46. Qb3 {[%clk 00:08:10]} {[%emt 00:00:04]} 1-0